| 000 | 00000nam##2200000za#4500 |
| 001 | 9.615744 |
| 003 | CaOODSP |
| 005 | 20210615101251 |
| 007 | ta |
| 008 | 150406|2001||||xxc||||| f|0| 0 eng|d |
| 040 | |aCaOODSP|beng |
| 043 | |an-cn--- |
| 086 | 1 |aNH18-22/101-103E |
| 110 | 2 |aCanada Mortgage and Housing Corporation. |
| 245 | 10|aEnergy use patterns in off-grid houses |
| 260 | |aOttawa - Ontario : |bCanada Mortgage and Housing Corporation |c2001. |
| 300 | |a23p. : |billus., tables ; |c28 cm. |
| 490 | 1 |aResearch highlight. Technical series |v01-103 |
| 563 | |aPamphlet |
| 590 | |a01-34|b2001-08-24 |
| 690 | 07|aAlternative energy|2gcpds |
| 690 | 07|aEnergy management|2gcpds |
| 690 | 07|aRenewable resources|2gcpds |
| 776 | 0#|tEnergy use patterns in off-grid houses |w(CaOODSP)9.580818 |
| 830 | #0|aResearch highlight. Technical series ;|v01-103|w(CaOODSP)9.514826 |
| 986 | |aNHA 60975 |